000 00642cam a22002053a 4500
001 45761
003 PGUSA
005 20140828084048.0
008 140525s2014||||xxu|||||s|||||000 | eng d
040 _aPGUSA
_beng
042 _adc
100 1 _aChevalier, Michael
245 1 0 _aSociety, Manners and Politics in the United States :
_bBeing a Series of Letters on North America
_h[electronic resource] /
_cMichael Chevalier
260 _bProject Gutenberg,
_c2014
506 _aPublic domain in the USA.
516 _aElectronic text
830 0 _aProject Gutenberg
_v45761
856 4 0 _uhttp://www.gutenberg.org/ebooks/45761
942 _cEB
999 _c275011
_d275011